000 00755nam a2200217Ii 4500
003 JO-AjNU
008 230605s9999||||xx |||||||||||||| ||und||
017 _a2008/7/2472
040 _aJO-AjNU
_bara
_erda
_cJO-AjNU
041 _aara
050 1 4 _aTS176.D33 2012
100 3 _aالدهشان، محمد بشير، م مشارك احمد عبدالرحمن عبدربه,
_eauthor
_951429
245 0 0 _aالمشاغل الهندسية=Engineering Workshop ،ج1
250 _aط1
264 3 1 _aعمان:مكتبة المجتمع العربي ،2012
300 _aج1، 233ص
336 _atext
_btxt
_2rdacontent
337 _aunmediated
_bn
_2rdamedia
338 _avolume
_bnc
_2rdacarrier
650 4 _aاشغال المعادن -تشكيل
_951430
999 _aA22715
_c26283
_d26283